| 000 | 02250cam a2200481Ii 4500 | ||
|---|---|---|---|
| 001 | sjds884250 | ||
| 003 | sjds | ||
| 005 | 20240504190234.0 | ||
| 008 | 010221s2000 nyua j 000 0 spa d | ||
| 020 | _a1841483966 (pbk.) | ||
| 020 | _a9781841483962 (pbk.) | ||
| 035 | _a721338 | ||
| 035 | _a(OCoLC)45999634 | ||
| 035 | _a717756 | ||
| 035 | _a721338 | ||
| 035 | _a721338 | ||
| 040 |
_aBKL _beng _erda _cBKL _dFTL _dTEF _dBTCTA _dBAKER _dOCLCG _dOCLCF _dOCLCQ _dOCLCO |
||
| 041 | 1 |
_aspa _heng _hrus |
|
| 049 | _aIFAA | ||
| 099 |
_a398.2 _f2000 |
||
| 100 | 1 |
_aTolstoy, Aleksey Nikolayevich, _cgraf, _d1883-1945. |
|
| 240 | 1 | 0 |
_aGigantic turnip. _lSpanish |
| 245 | 1 | 3 |
_aEl nabo gigante / _cAleksei Tolstoy y Niamh Sharkey. |
| 260 |
_aNew York, N.Y. : _bBarefoot Books, _c2000. |
||
| 264 | 1 |
_aNew York, N.Y. : _bBarefoot Books, _c2000. |
|
| 300 |
_a1 volume (unpaged) : _bcolor illustrations ; _c28 cm |
||
| 336 |
_atext _btxt _2rdacontent |
||
| 337 |
_aunmediated _bn _2rdamedia |
||
| 338 |
_avolume _bnc _2rdacarrier |
||
| 500 | _a"Barefoot en Español"--Cover. | ||
| 520 | _a"Cuando una pareja de viejos campesinos siembra su huerto una primavera, no puede imaginarse que uno de los nabos plantados crecerá...y crecerá...y crecerá...[Este libro] tiene todos los ingredientes necesarios para ser un cuento folklórico verdaderamente divertido para niños menores de cinco años y para lectores principiantes. �Y al final del cuento les espera una sorpresa especial!"--Page 4 of cover. | ||
| 520 | _aIn this traditional Russian tale, a farmer grows a turnip so big that it takes the combined efforts of him, his wife, six canaries, five geese, four hens, three cats, two pigs, one cow, and, finally, one mouse to pull it from the ground. | ||
| 526 | 0 |
_aAccelerated Reader AR _bLG _c3.8 _d0.5 _z35331. |
|
| 546 | _aText in Spanish. | ||
| 650 | 0 |
_aTurnips _vFolklore _vJuvenile literature. |
|
| 650 | 0 |
_aOlder people _vFolklore _vJuvenile literature. |
|
| 650 | 0 |
_aFolklore _zRussia _vJuvenile literature. |
|
| 650 | 7 |
_aNabos _vFolklore _vLiteratura juvenil. _2local |
|
| 650 | 7 |
_aAncianos _vFolklore _vLiteratura juvenil. _2bidex |
|
| 650 | 7 |
_aFolklore _zRusia _vLiteratura juvenil. _2bidex |
|
| 700 | 1 | _aSharkey, Niamh. | |
| 942 |
_2ddc _cBK |
||
| 999 |
_c17609 _d17609 |
||